Score 0/20 Timer 03:00
0 Plays Today
Song Name Missing Word % Correct
Just _____ Me A ReasonGive
97.6%
I _____ You Were TroubleKnew
95.4%
Come & _____ ItGet
94.6%
Blurred _____Lines
94.6%
_____ GrailHoly
92%
We _____ StopCan't
91.7%
Safe and _____Sound
90.6%
When I Was _____ ManYour
85.4%
Suit & _____Tie
84.3%
Scream & _____Shout
80.4%
Song Name Missing Word % Correct
_____ ShopThrift
75.4%
One _____ NightMore
74.5%
_____ Me UpWake
64.6%
Ho _____Hey
63.3%
Get _____Lucky
62.8%
My Songs Know What You Did in The _____ (Light Em Up)Dark
62.6%
Don't You _____ ChildWorry
62.2%
_____ From the BottomStarted
53.8%
_____ SadnessSummertime
47.9%
_____ ShakeHarlem
42.8%

Today's Daily Dose

Word Ladder
Silence

Get the Picture
Philly Team Facts

You're not logged in!

Compare scores with friends on all Sporcle quizzes.
OR
Log In

Sporcle TV

Today on Sporcle TV


Watch our educational content, quiz creation guides, and fun videos on Sporcle TV.

Show Comments

Extras

Top Quizzes Today


Score Distribution

Your Account Isn't Verified!

In order to create a playlist on Sporcle, you need to verify the email address you used during registration. Go to your Sporcle Settings to finish the process.

Report this User

Report this user for behavior that violates our Community Guidelines.

Details: